|
|
|
|
| LEADER |
02582nam a2200637 a 4500 |
| 001 |
nkc20081849661 |
| 003 |
CZ PrNK |
| 005 |
20150227110538.0 |
| 007 |
ta |
| 008 |
081230s2008 xr ah e 000 0 eng |
| 015 |
|
|
|a cnb001849661
|
| 020 |
|
|
|a 978-80-902851-7-0
|q (Král ;
|q váz.)
|
| 035 |
|
|
|a (OCoLC)320216558
|
| 040 |
|
|
|a OLA001
|b cze
|d ABA001
|
| 041 |
1 |
|
|a eng
|h cze
|
| 043 |
|
|
|a e-xr---
|
| 072 |
|
7 |
|a 328
|x Zastupitelské orgány. Vlády. Politické systémy jednotlivých zemí
|2 Konspekt
|9 15
|
| 080 |
|
|
|a 328.1
|2 MRF
|
| 080 |
|
|
|a 328.1:342.53
|2 MRF
|
| 080 |
|
|
|a 725.11
|2 MRF
|
| 080 |
|
|
|a 321.72
|2 MRF
|
| 080 |
|
|
|a 32(091)
|2 MRF
|
| 080 |
|
|
|a (437.3)
|2 MRF
|
| 080 |
|
|
|a (062.552)
|2 MRF
|
| 080 |
|
|
|a (084.12)
|2 MRF
|
| 245 |
0 |
4 |
|a The Parliament of the Czech Republic - the Chamber of Deputies /
|c [authors of the text Jana Francová ... et al. ; editors Petr Kolář, Petr Valenta ; photo Ivan Král]
|
| 250 |
|
|
|a 1st ed.
|
| 260 |
|
|
|a Praha :
|b Issued for the Office of the Chamber of Deputies of the Parliament of the Czech Republic by Ivan Král,
|c 2008
|
| 300 |
|
|
|a 177 s. :
|b barev. il., faksim. ;
|c 31 cm
|
| 500 |
|
|
|a Přeloženo z češtiny
|
| 610 |
1 |
7 |
|a Česko.
|b Parlament.
|b Poslanecká sněmovna
|7 kn20020403048
|2 czenas
|
| 650 |
0 |
7 |
|a zákonodárné orgány
|7 ph116796
|z Česko
|2 czenas
|
| 650 |
0 |
7 |
|a parlament
|7 ph135350
|z Česko
|2 czenas
|
| 650 |
0 |
7 |
|a parlamentní budovy
|7 ph137182
|z Česko
|2 czenas
|
| 650 |
0 |
7 |
|a parlamentní demokracie
|7 ph115680
|z Česko
|2 czenas
|
| 650 |
0 |
7 |
|a politické dějiny
|7 ph311269
|z Česko
|2 czenas
|
| 650 |
0 |
9 |
|a legislative bodies
|z Czechia
|2 eczenas
|
| 650 |
0 |
9 |
|a parliament
|z Czechia
|2 eczenas
|
| 650 |
0 |
9 |
|a parliamentary buildings
|z Czechia
|2 eczenas
|
| 650 |
0 |
9 |
|a representative government and representation
|z Czechia
|2 eczenas
|
| 650 |
0 |
9 |
|a political history
|z Czechia
|2 eczenas
|
| 655 |
|
7 |
|a sborníky
|7 fd724344
|2 czenas
|
| 655 |
|
7 |
|a fotografické publikace
|7 fd132276
|2 czenas
|
| 655 |
|
9 |
|a miscellanea
|2 eczenas
|
| 655 |
|
9 |
|a photographical works
|2 eczenas
|
| 700 |
1 |
|
|a Francová, Jana,
|d 1979-
|7 mzk2009496380
|4 aut
|
| 700 |
1 |
|
|a Kolář, Petr,
|d 1974-
|7 jo2003197026
|4 aut
|4 edt
|
| 700 |
1 |
|
|a Valenta, Petr,
|d 1979-
|7 jx20090520019
|4 aut
|4 edt
|
| 700 |
1 |
|
|a Král, Ivan,
|d 1955-
|7 jn19990209416
|4 pht
|
| 710 |
1 |
|
|a Česko.
|b Parlament.
|b Poslanecká sněmovna.
|b Kancelář
|7 kn20010710125
|
| 910 |
2 |
|
|a BOA001
|b 4-1220.295
|
| 928 |
9 |
|
|a Ivan Král
|
| 990 |
|
|
|a BK
|
| 995 |
|
|
|a 01
|
| 991 |
|
|
|b 200903
|c NOV
|
| 996 |
6 |
|
|b 2610370834
|c 4-1220.295
|l MZK
|r Sklad / do 1 hodiny
|n 0
|p p.v.
|w 000932963
|u 000010
|a 1
|e BOA001
|j MZK50
|s P
|